000 00859nas a2200265 4500
001 BR0707109
003 BR-BrBNA
005 20231205111351.0
007 ta
008 230509b bl.|||p| |||| 00| 00por d
040 _aBR-BrBNA
_bpor
_cBiblioteca Nacional de Agricultura
041 _a(Pt)
072 _aL73
100 1 _aSanches, A.W.D.
100 1 _aPachaly, J.R.
100 1 _aFroehlich, D.L.
111 1 _a8. Jornada de Medicina Veterinária da UNIPAR
_cUmuarama, PR
_d01-04 Sep 2003
245 1 _aHistiocitoma fibroso maligno em gerbilo (Meriones unguiculatus)
650 _aGERBILO
650 _aCITOPLASMA
650 _aCELULA
773 0 _tArquivos de Ciências Veterinárias e Zoologia da UNIPAR (Brazil)
_xISSN 1415-8167
_g(Jul-Dec 2003), v. 6(2) p. 198
_wBR0707109
909 _a202311
_bLúcia
_c55
_dLúcia Elande
942 _2AGRIS
_n0
_cANA
999 _c192301
_d192301